| 000 | 01046nam a2200241Ia 4500 | ||
|---|---|---|---|
| 999 |
_c3269 _d3269 |
||
| 003 | OSt | ||
| 005 | 20200402122749.0 | ||
| 008 | 191128s200? ck gr 001 0dspa d | ||
| 040 |
_aCO-JMCR _cCO-JMCR |
||
| 041 | 0 | _aspa | |
| 082 | 0 | 4 |
_a133 .90135 / _bS912 |
| 100 | 1 |
_aStrauss Cortissoz, Hilda, _eautor _92427 |
|
| 245 | 1 | 0 |
_aEvolución : el único camino / _cHilda Strauss Cortissoz |
| 250 | _aTercera edición | ||
| 260 | _aBogotá : | ||
| 300 |
_a117 páginas ; _c20 cm |
||
| 300 | _c | ||
| 500 | _aIncluye biografía del autor en solapa. | ||
| 505 | _aLa oración -- la meditación -- el ego -- sobre el sexo -- cómo educar a los niños -- sobre la fuerza negativa -- el poder de los números -- los elementos -- la cruz | ||
| 520 | _alas leyes que rigen los cosmos se cumplen y pueden ser observadas en todas las minúsculas partículas y sistemas sencillos y complejos de los que está conformado el universo, así mismo, las guías o pautas para la evolución. | ||
| 650 | 1 | 4 |
_aOcultismo _xReencarnación _92428 |
| 942 |
_2ddc _cBK |
||